Crítica de la información
Shranjeno v:
| Glavni avtor: | |
|---|---|
| Format: | Knjiga |
| Jezik: | španščina |
| Izdano: |
Buenos Aires
Amorrortu
2005
|
| Izdaja: | 1a. ed |
| Serija: | Sociología
|
| Teme: | |
| Oznake: |
Označite
Brez oznak, prvi označite!
|
MARC
| LEADER | 00000nam a2200000 a 4500 | ||
|---|---|---|---|
| 001 | UCK4930 | ||
| 003 | CL-VaPUC | ||
| 008 | 050701e20050000AG |||||||||||||||||spa|d | ||
| 020 | |a 9505181884 | ||
| 082 | 0 | 4 | |a 306.42 |b LAS |2 21 |
| 100 | 0 | |a Lash, Scott |e author |9 493565 | |
| 245 | 1 | 0 | |a Crítica de la información |
| 250 | |a 1a. ed | ||
| 300 | |a 380 p | ||
| 942 | |c BK | ||
| 945 | |d 20050701 00:00:00 |a cmena | ||
| 260 | |a Buenos Aires |b Amorrortu |c 2005 | ||
| 650 | 0 | |a Sociología del conocimiento |9 308651 | |
| 650 | 0 | |a Teoría de la información |9 260744 | |
| 650 | 0 | |a Desarrollo cultural |9 267526 | |
| 583 | |a last modification |c 20050701 00:00:00 |k Rodrigo Vera | ||
| 490 | 0 | |a Sociología | |
| 999 | |c 313638 |d 313636 | ||
| 952 | |0 0 |1 0 |4 0 |6 306_420000000000000_LAS_2005 |7 0 |8 A |9 385099 |a BIBCUR |b BIBCUR |d 2019-11-22 |i 4142071 |o 306.42 LAS 2005 |p 4142071 |r 2025-04-22 |w 2019-11-22 |y BK |k PER | ||